| 000 | 00857nas a2200277 4500 | ||
|---|---|---|---|
| 001 | BR8004224 | ||
| 003 | BR-BrBNA | ||
| 005 | 20231205084347.0 | ||
| 007 | ta | ||
| 008 | 230509b bl.|||p| |||| 00| 00por d | ||
| 040 |
_aBR-BrBNA _bpor _cBiblioteca Nacional de Agricultura |
||
| 041 | _a(Pt) | ||
| 072 | _aL10 | ||
| 100 | 1 | _aViana, H.A. | |
| 100 | 1 | _aGirao, L.C. de F. | |
| 100 | 1 | _aNeiva, R.S. | |
| 245 | 1 | _aInfluencia de alguns fatores de meio no intervalo entre partos de um rebanho da raca gir, na regiao sudeste do estado de Goias [Brasil] | |
| 650 | _aEFICIENCIA REPRODUTIVA | ||
| 650 | _aGADO LEITEIRO | ||
| 650 | _aGADO GIR | ||
| 650 | _aPARTO | ||
| 650 | _aGOIAS | ||
| 773 | 0 |
_tCiencia e Pratica (Brazil) _xISSN 0100-3267 _g(Jan 1980), v. 4(1) p. 21-30 _wBR8004224 |
|
| 909 |
_a202311 _bLúcia _c55 _dLúcia Elande |
||
| 942 |
_2AGRIS _n0 _cANA |
||
| 999 |
_c104727 _d104727 |
||